logo

Bir Sreshtho Munshi Abdur Rouf Library
Jhenaidah Cadet College

Poems & translations, 1850-1870 : (Record no. 9847)

MARC details
000 -LEADER
fixed length control field 01003cam a2200301 a 4500
001 - CONTROL NUMBER
JCCL Control Number 9847
003 - CONTROL NUMBER IDENTIFIER
JCCL marc code BD-JhCC
005 - DATE AND TIME OF LATEST TRANSACTION
control field 20180402104453.0
008 - FIXED-LENGTH DATA ELEMENTS--GENERAL INFORMATION
fixed length control field 880808s1913 enk 001 0 eng d
035 ## - SYSTEM CONTROL NUMBER
system control number oxf98320199
035 ## - SYSTEM CONTROL NUMBER
system control number (OCoLC)2653484
-- (BD-JhCC)9847
040 ## - CATALOGING SOURCE
Original cataloging agency CSU
Modifying agency m.c
-- BD-JhCC
041 ## - LANGUAGE CODE
Language code of Book eng
050 #4 - LIBRARY OF CONGRESS CALL NUMBER
Classification number PR5240
Item number .F13
082 ## - DEWEY DECIMAL CLASSIFICATION NUMBER
Author mark and Year ROS 1913
Classification number 821.4
100 1# - MAIN ENTRY--PERSONAL NAME
Personal name Rossetti, Dante Gabriel,
Dates associated with a name 1828-1882.
240 10 - UNIFORM TITLE
Uniform title Poems
245 10 - TITLE STATEMENT
Title Poems & translations, 1850-1870 :
Remainder of title together with the prose story 'Hand and soul' /
Statement of responsibility, etc Dante Gabriel Rossetti.
246 33 - VARYING FORM OF TITLE
Title proper/short title Poems and translations
246 33 - VARYING FORM OF TITLE
Title proper/short title Poems and translations, 1850-1870
260 ## - PUBLICATION, DISTRIBUTION, ETC. (IMPRINT)
Place of publication, distribution, etc London ;
-- New York :
Name of publisher, distributor, etc H. Milford, Oxford University Press,
Date of publication, distribution, etc 1913.
300 ## - PHYSICAL DESCRIPTION
Pagination xvii, 482 p. ;
Dimensions 19 cm.
650 #0 - SUBJECT ADDED ENTRY--TOPICAL TERM
Topical term or geographic name as entry element Italian poetry
Form subdivision Translations into English.
650 #0 - SUBJECT ADDED ENTRY--TOPICAL TERM
Topical term or geographic name as entry element English poetry
Form subdivision Translations from Italian.
700 12 - ADDED ENTRY--PERSONAL NAME
Personal name Rossetti, Dante Gabriel,
Dates associated with a name 1828-1882.
Title of a work Hand and soul.
942 ## - ADDED ENTRY ELEMENTS (KOHA)
Source of classification or shelving scheme Dewey Decimal Classification
Koha item type Books
Holdings
Source of classification or shelving scheme Damaged status Not for loan Home library Current library Shelving location Date of accession Total Checkouts Full call number Barcode Date last seen Copy number Koha item type
Dewey Decimal Classification     JCC Rouf Library JCC Rouf Library General Stacks 04/02/2018   821.4 ROS 1913 13044 04/02/2018 C-1 Books

JCC Library | Contacts | JCC Home

Last Update on 23 September 2017
Copyright @ 2017-2020 JCC Rouf Library
Rouf Library, Jhenidah Cadet College (JCC), Bangladesh